000
00354nam a2200133Ia 4500
008
100328s9999 xx 000 0 und d
082
_b
22110
100
_a
काकोकडकर शशिकला
245
_a
अभिमान
260
_b
शेटेये
630
_a
अभिमान
730
_a
अभिमान
942
_c
BOOK
999
_c
516054
_d
516051